00596 2200217 4500001002100000005001500021035002000036245008900056100002000145250000600165300003100171700002100202260004800223082000800271084001400279020002200293650001300315990001700328990001600345990001700361INLIS00000000000031520181002011615 a0010-10180000051 aSeri Keterampilan :bKamu Bisa Berkebun /cYuliandi Kusuma; Editor, Risman Sikumbang0 aYuliandi Kusuma a- a64 hlm. :bilus. ;c25 cm.0 aRisman Sikumbang aBogor :bYudhistira Ghalia Indonesia,c2008 a635 a635 YUL s a978-979-019-199-0 aBerkebun a01326/P/2018 a01327P/2018 a01328/P/2018